000 00442nam a2200181Ia 4500
001 21383
005 20260306172915.0
008 260306t2000||||xx |||||||||||||| ||spa||
041 _aESP
082 _a344.81
_bT53 2007
100 _aTiedemann, Klaus
_eAUT
245 0 _aDerecho penal y nuevas formas de criminalidad
260 _c2000
300 _a243 páginas :
_ccm.
650 _aGEN
654 _aCDE
942 _cLIB
_dJUS
_fJUS
_2ddc
_n
999 _c21383
_d21383